000 01484nam a22003977a 4500
001 000102646
003 CHAP
005 20220817044352.0
008 100820s2008 mx a r 00010 spa d
010 _a99109
011 _a100081
020 _a9786071200341
035 _a110767
040 _cCHAP
082 1 4 _a337.3
_bA39
245 0 3 _aLa alianza para la seguridad y prosperidad de América del Norte :
_bnuevo desafío a la nación Mexicana /
_c/ compilado por Juan Manuel Sandoval Palacios.
260 _aChapingo, Méx. :
_bUACH. Programa universitario de investigación y servicio en problemas económico sociales del sector agroalimentario,
_c2008.
300 _a127 p. :
_bilus., cuadros.
590 _aBATCH-UPD
_b10
_c20130110
_lUCH01
_h1019
590 _aBATCH-UPD
_b10
_c20130410
_lUCH01
_h0625
590 _aBATCH-UPD
_b10
_c20130914
_lUCH01
_h1202
590 _aCONVERSION
_b10
_c20130109
_lUCH01
_h1355
590 _aE11695DGD
_b10
_c20161019
_lUCH01
_h1402
650 1 4 _aDictadura.
_932485
650 1 4 _aEnergéticos.
_936879
650 1 4 _aMilitarismo.
_975721
650 1 4 _aPolítica económica.
650 1 4 _aPrivatización
_xMéxico.
_991679
650 1 4 _aTratado Trilateral de Libre Comercio.
700 1 _aSandoval Palacios, Juan Manuel
_9102154
901 _aBK
942 _cLIBRO
942 _n0
949 _a337.3 P76
_bBC
_cLIBRO
_d33724002174165
_eLIBRO
_fc.2
_h113316
_i110767
_sb
949 _a337.3 P76
_bBC
_cUACH
_d33724002174124
_eUACH
_h113292
_i110767
_sb
999 _c99109
_d99109